Yellow poplar in Tennessee, (Record no. 25356)

MARC details
000 -LEADER
fixed length control field 00799cam a22002411 4500
001 - CONTROL NUMBER
control field gs 14000451
003 - CONTROL NUMBER IDENTIFIER
control field DLC
005 - DATE AND TIME OF LATEST TRANSACTION
control field 20260227111315.0
008 - FIXED-LENGTH DATA ELEMENTS--GENERAL INFORMATION
fixed length control field 800207s1913 tnua s000 0 eng c
010 ## - LIBRARY OF CONGRESS CONTROL NUMBER
LC control number gs 14000451
035 ## - SYSTEM CONTROL NUMBER
System control number (OCoLC)5962526
040 ## - CATALOGING SOURCE
Original cataloging agency U.S. Geological Survey
Transcribing agency MnNC
Modifying agency DLC
050 00 - LIBRARY OF CONGRESS CALL NUMBER
Classification number QE165
Item number .A2 no. 10-C
051 ## - LIBRARY OF CONGRESS COPY, ISSUE, OFFPRINT STATEMENT
Classification number SD397.P85
Item number A7
100 1# - MAIN ENTRY--PERSONAL NAME
Personal name Ashe, W. W.
Fuller form of name (William Willard),
Dates associated with a name 1872-1932.
245 10 - TITLE STATEMENT
Title Yellow poplar in Tennessee,
Statement of responsibility, etc. by W. W. Ashe.
260 ## - PUBLICATION, DISTRIBUTION, ETC.
Place of publication, distribution, etc. Nashville, Tenn.,
Date of publication, distribution, etc. 1913.
300 ## - PHYSICAL DESCRIPTION
Extent 56 p.
Other physical details ill.
Dimensions 23 cm.
490 0# - SERIES STATEMENT
Series statement Tennessee. Geological survey, 1909-1923. Bulletin 10-C
500 ## - GENERAL NOTE
General note In cooperation with the Forest service. U.S. Department of agriculture.
650 #0 - SUBJECT ADDED ENTRY--TOPICAL TERM
Topical term or geographic name entry element Liriodendron tulipifera.
710 1# - ADDED ENTRY--CORPORATE NAME
Corporate name or jurisdiction name as entry element United States.
Subordinate unit Forest Service.

No items available.

Powered by Koha